000 00548nam a2200193 a 4500
001 12411
005 20180713200656.0
008 140415d 000 0 spa d
020 _a0201640244
041 _aspa
082 _a005.1
_bAHO
100 1 _aAHO, ALFRED V.
245 1 0 _aESTRUCTURAS DE DATOS Y ALGORITMOS
250 _a1a ed.
260 _a[s.l.] :
_bADDISON-WESLEY IBEROAMERICANA,
_c[s.f.]
300 _a438
650 1 4 _aALGORITMOS
_xPROGRAMACION (COMPUTADORES ELECTRICOS)
700 1 _aHOPCROFT, JOHN E.
_ecoaut.
999 _c12411
_d12411